Catálogo
 En Linea

Informe gestión anual 2014: (Registro nro. 53410)

Detalles MARC
000 -CABECERA
campo de control de longitud fija 01380nam a2200253 i 4500
003 - IDENTIFICADOR DEL NÚMERO DE CONTROL
campo de control DO-SdBNP
005 - FECHA Y HORA DE LA ÚLTIMA TRANSACCIÓN
campo de control 20230503153838.0
006 - CÓDIGOS DE INFORMACIÓN DE LONGITUD FIJA--CARACTERÍSTICAS DEL MATERIAL ADICIONAL
campo de control de longitud fija a||||fr|||| 00| 0
007 - CAMPO FIJO DE DESCRIPCIÓN FÍSICA--INFORMACIÓN GENERAL
campo de control de longitud fija ta
008 - DATOS DE LONGITUD FIJA--INFORMACIÓN GENERAL
campo de control de longitud fija 230503e2014 dr adocfr|||| 001 0 spa d
040 ## - FUENTE DE LA CATALOGACIÓN
Centro catalogador/agencia de origen DO-SdBNP
Lengua de catalogación spa
Centro/agencia transcriptor BNPHU
Normas de descripción rda
082 #4 - NÚMERO DE LA CLASIFICACIÓN DECIMAL DEWEY
Número de edición 22
Número de documento/Ítem I43ges
245 00 - MENCIÓN DE TÍTULO
Título Informe gestión anual 2014:
Resto del título Iniciativas reales vidas sostenibles. /
Mención de responsabilidad, etc. Fotografía, Luis Nova y Gustavo Arbona
264 30 - PRODUCCIÓN, PUBLICACIÓN, DISTRIBUCIÓN, FABRICACIÓN Y COPYRIGHT
Producción, publicación, distribución, fabricación y copyright Santo Domingo :
Nombre del de productor, editor, distribuidor, fabricante Banco Popular Dominicano, S. A.,
Fecha de producción, publicación, distribución, fabricación o copyright 2014
300 ## - DESCRIPCIÓN FÍSICA
Extensión 219 páginas :
Otras características físicas ilustraciones, gráficas, fotografías, retratos ;
Dimensiones 29 cm.
336 ## - TIPO DE CONTENIDO
Fuente rdaconten
Término de tipo de contenido texto
Código de tipo de contenido text
337 ## - TIPO DE MEDIO
Fuente rdamedia
Nombre/término del tipo de medio sin medición
Código del tipo de medio n
338 ## - TIPO DE SOPORTE
Fuente rdacarrier
Nombre/término del tipo de soporte volumen
Código del tipo de soporte nc
505 ## - NOTA DE CONTENIDO CON FORMATO
Nota de contenido con formato volumen
Título Carta del Presidente.--
-- Informe del Consejo de Administración.--
-- Filiales del Grupo Popular, S. A. Principales logros en 2014.--
-- Relevo Generacional.--
-- Adiós a Pedro A. Rodríguez y J. Armando Bermúdez.--
-- Iniciativas reales, vidas sostenibles.--
-- Educación y oportunidad.--
-- Innovación y calidad de vida.--
-- Inclusión y desarrollo.--
-- Apoyo empresarial y social.--
-- Sostenibilidad energética y medioambiental.--
-- Proyección de la identidad nacional.--
-- Estados financieros.--
-- Directorios.
590 ## - NOTA LOCAL (RLIN)
Nota local Inventariado 2023 / MF
700 1# - PUNTO DE ACCESO ADICIONAL--NOMBRE DE PERSONA
Nombre de persona Nova, Luis
Término indicativo de función/relación fotografía
9 (RLIN) 36995
700 1# - PUNTO DE ACCESO ADICIONAL--NOMBRE DE PERSONA
Nombre de persona Arbona, Gustavo
Término indicativo de función/relación fotografía
9 (RLIN) 83320
942 ## - ELEMENTOS DE PUNTO DE ACCESO ADICIONAL (KOHA)
Fuente del sistema de clasificación o colocación Dewey Decimal Classification
Tipo de ítem Koha Libro
Existencias
Estado de retiro Estado de pérdida Fuente del sistema de clasificación o colocación Restricciones de uso No para préstamo Código de colección Localización permanente Ubicación/localización actual Ubicación en estantería Fecha de adquisición Fuente de adquisición Total de préstamos Signatura topográfica completa Código de barras Fecha visto por última vez Precio válido a partir de Tipo de ítem Koha
    Dewey Decimal Classification Excluido de préstamo   Patrimonio Dominicano Biblioteca Nacional Pedro Henríquez Ureña Biblioteca Nacional Pedro Henríquez Ureña En catalogación 02.11.2021 Donado por Wilfredo Alemani   I43ges 2023-1575 03.05.2023 03.05.2023 Libro

Con tecnología Koha